| 000 | 00696nam a2200193Ia 4500 | ||
|---|---|---|---|
| 003 | OSt | ||
| 005 | 20260202152431.0 | ||
| 008 | 210210b1945 xxu||||| |||| 00| 0 eng d | ||
| 040 | _cAL | ||
| 041 | _aKannada | ||
| 082 | _a852/661 | ||
| 100 |
_aABDUL BASHIR _9160245 _dಅಬ್ದುಲ್ ಬಶೀರ್ |
||
| 245 |
_aSuprabhatam: daivabhaktiyannu kurita prabandhagalu _bಸುಪ್ರಭಾತಮ್: ದೈವ ಭಕ್ತಿಯನ್ನು ಕುರಿತ ಪ್ರಬಂಧಗಳು |
||
| 260 |
_aBengaluru _b- _c1945 |
||
| 690 |
_aKannada Prose _9160246 |
||
| 700 |
_aKRASHNASVAMI (M A) _9160247 _dಕೃಷ್ಣಸ್ವಾಮಿ (ಎಂಎ) . |
||
| 906 | _a019226 | ||
| 942 |
_2ddc _cBK |
||
| 999 |
_c143349 _d143349 |
||